Kondenzované heterocyklické deriváty teofylínu : (9.12.1987 /

Uložené v:
Podrobná bibliografia
Hlavný autor: Hesek, Dušan (Autor)
Médium: Rukopis Kniha
Vydavateľské údaje: Bratislava : SVŠT v Bratislave ChtF, 1987
Tagy: Pridať tag
Žiadne tagy, Buďte prvý, kto otaguje tento záznam!

MARC

LEADER 00000ntm a22000003a 4500
001 stu20594
005 20150617225750.1
008 ------s1987----cs----------------------d
040 |a STU  |b slo 
041 0
044 |a cs 
080 |a 547.7/043.3/ 
100 1 |a Hesek, Dušan  |4 aut 
245 1 |a Kondenzované heterocyklické deriváty teofylínu :  |b (9.12.1987 /  |c [aut.]Hesek,Dušan 
260 |a Bratislava :  |b SVŠT v Bratislave ChtF,  |c 1987 
300 |a 119 s :  |b Tab.,lit 
996 |b CKD30  |c C*KD30  |l CCI  |s A  |a 24  |w stu20594_0001